zpět

Detail výsledku týmu

Speciál UP, Olomouc

Datum a čas kvízu

19 Celkem bodů Celkový počet nahraných bodů na tomto kvízu bez doplňovacích otázek.
23. Pořadí na kvízu Konečné umístění týmu na tomto kvízu.

Zaznamenané odpovědi

# Otázka Odpověď Body Výsledky
1. God of Thunder, Black Diamond... KISS 1
2. Jedním z fenoménů poslední dob... Kate Bush, Stranger Things 1
3. Následující píseň do playlistů... Guns N´ Roses, Thor: Láska jako hrom 1
4. Na dohled od česko-slovenských... ve Strážnici 1
5. O pár týdnů později proběhl je... 19. ročník 1
6. Hudby nás dnes čeká víc než do... Horny 1
7. Rok 2020 přinesl následující s... Justin Bieber, Yummy 1
8. U populární hudby zůstaneme. N... Cardi B, Bruno Mars 1
9. Nyní uslyšíme jedno z nejkrásn... žár, který ve mně denně narůstal 1
10. Následující píseň zazněla v ku... Joe Cocker, 9 a 1/2 týdne 1